Statistics for Worldwide Most Popular Sports

Click here to take the quiz!

General Stats

  • This quiz has been taken 2,303 times
    (2,301 since last reset)
  • The average score is 7 of 10

Answer Stats

Sport % Correct
1Soccer
100%
10Football
92%
9Basketball
89%
7Baseball
84%
4Tennis
71%
3Field Hockey
70%
2Cricket
65%
8Golf
51%
5Volleyball
37%
6Table Tennis
24%

Score Distribution

Percentile by Number Answered

Percent of People with Each Score

Your Score History

You have not taken this quiz since the last reset